000 01023nam a2200313 a 4500
005 20200104041519.0
008 140226s1998 -cnad fr|||| 000 0 eng d
040 _aCO-BoIAVH
_cCO-BoIAVH
041 _aeng
044 _acn
082 0 4 _a333.7516
_bR78d
100 1 _aRoper, John
245 1 0 _aDeforestation :
_btropical forest in decline
260 _aQuebec :
_bCida Forestry Advisers Network,
_c1998.
300 _a50 páginas :
_bIlustraciones, gráficas ;
_c22 x 18 cm.
504 _aIncluye referencias bibliográficas: páginas 47-49.
650 1 6 _aDeforestación
650 2 6 _aBosques tropicales
650 2 6 _aDesarrollo social
650 2 6 _aDesarrollo económico
650 2 6 _aPolítica ambiental
650 2 6 _aLegislación ambiental
650 2 6 _aPlantaciones forestales
650 2 6 _aTenencia de tierras
650 2 6 _aAgricultura
650 2 6 _aUso sostenible
700 1 _aRoberts, Ralph W.
942 _cLIBRO
_2ddc
999 _c1245
_d1245